أسرار الآلهة والديانات / (Record no. 121986)
[ view plain ]
| 000 -الفاتح | |
|---|---|
| عناصر البيانات ثابتة الطول | 00803cam a2200217 i 4500 |
| 005 - تاريخ ووقت آخر معاملة | |
| حقل ضبط | 20260108095601.0 |
| 008 - عناصر البيانات ثابتة الطول | |
| عناصر البيانات ثابتة الطول | 250721s2009 sy gr 000 0 ara d |
| 041 1# - كود اللغة | |
| كود اللغة لنص/مسار صوت أو عنوان منفصل | ara |
| كود اللغة للأصل | eng |
| 082 14 - رقم تصنيف ديوي العشري | |
| رقم التصنيف | 291.044 |
| رقم المادة | م ي غ |
| 100 1# - مدخل رئيسي – اسم شخصي | |
| الاسم الشخصي | ميغوليفسكي، أ.س. |
| علاقة الشخص بالعمل/ دوره | مؤلف. |
| 245 10 - بيان العنوان | |
| العنوان | أسرار الآلهة والديانات / |
| بيان المسؤولية | أ.س. ميغوليفسكي ؛ ترجمة د حسان مخائيل اسحق. |
| 250 ## - بيان الطبعة | |
| بيان الطبعة | الطبعة الرابعة. |
| 264 31 - بيانات النشر، التوزيع…إلخ | |
| مكان النشر، التوزيع...إلخ | دمشق : |
| اسم الناشر، الموزع...إلخ | منشورات دار علاء الدين، |
| تاريخ النشر، التوزيع...إلخ | 2009. |
| 300 ## - الوصف المادي | |
| عدد الوحدات المكونة للوعاء | 599 صفحة. |
| 650 17 - مدخل إضافي بالموضوع - مصطلح موضوعي | |
| مصطلح موضوعي أو اسم جغرافي كعنصر مدخل | الديانات القديمة. |
| 650 17 - مدخل إضافي بالموضوع - مصطلح موضوعي | |
| مصطلح موضوعي أو اسم جغرافي كعنصر مدخل | الآلهة. |
| 650 17 - مدخل إضافي بالموضوع - مصطلح موضوعي | |
| مصطلح موضوعي أو اسم جغرافي كعنصر مدخل | العقيدة الدينية. |
| 700 1# - مدخل إضافي - اسم شخصي | |
| الاسم الشخصي | اسحق، حسان ميخائيل |
| علاقة الشخص بالعمل/ دوره | مترجم. |
| 942 ## - بيانات إضافية (كوها) | |
| نوع التنصيف | Dewey Decimal Classification |
| نوع المادة (كوها) | Books |
| حالة السحب | حالة الفقدان | مصدر التصنيف | حالة التلف | غير قابل للإعارة | المكتبة الرئيسية | المكتبة الحالية | موقع الرف | تاريخ التزويد | الرقم المتسلسل | Total Checkouts | رقم الإستدعاء | الباركود | تاريخ آخر ظهور | تاريخ الفاتورة | نوع المادة (كوها) |
|---|---|---|---|---|---|---|---|---|---|---|---|---|---|---|---|
| Dewey Decimal Classification | المكتبة المركزية | المكتبة المركزية | الإعارة | 28/07/2025 | 1457074 | 291.044 / م ي غ | PLD00165166 | 28/07/2025 | 28/07/2025 | Books |